[Event "GER-chT U20 Girls"]
[Site "Muenster"]
[Date "2022.12.30"]
[Round "7"]
[White "Berghold, Lotta"]
[Black "Peglau, Charis"]
[Result "0-1"]
[WhiteElo "1589"]
[BlackElo "2008"]
[PlyCount "94"]
[EventDate "2022.12.26"]
[EventType "team-swiss"]
[EventRounds "7"]
[EventCountry "GER"]
[SourceTitle "CBM 212 Extra"]
[Source "ChessBase"]
[SourceDate "2023.03.31"]
[SourceVersion "1"]
[SourceVersionDate "2023.03.31"]
[SourceQuality "1"]
[WhiteTeam "Lichtenberg Borussia"]
[BlackTeam "Seeblick"]
[WhiteTeamCountry "GER"]
[BlackTeamCountry "GER"]

1. d4 Nf6 2. c4 e6 3. g3 d5 4. Bg2 Be7 5. Nf3 0-0 6. 0-0 c5 7. cxd5 Nxd5 8. Nc3 Nxc3 9. bxc3 Nc6 10. Qd3 cxd4 11. cxd4 Nb4 12. Qb3 Nd5 13. Ba3 Bxa3 14. Qxa3 Bd7 15. Rac1 Bb5 16. Rc2 Rc8 17. Rfc1 Rxc2 18. Rxc2 Qb6 19. e3 Rd8 20. Qc5 Qxc5 21. Rxc5 a6 22. Bf1 Bxf1 23. Kxf1 Kf8 24. Ke2 Ke7 25. a3 f6 26. Kd3 Kd7 27. Nd2 b6 28. Rc1 Rc8 29. Rxc8 Kxc8 30. e4 Ne7 31. Kc4 Kd7 32. Nb3 Kd6 33. Kd3 Nc6 34. f3 b5 35. h4 g6 36. g4 a5 37. Nc1 e5 38. d5 Nd4 39. f4 Nf3 40. h5 exf4 41. hxg6 hxg6 42. Ne2 g5 43. Nc3 Kc5 44. d6 Kxd6 45. Nxb5+ Kc5 46. Nc7 Ne5+ 47. Ke2 Kd4 0-1

[Event "GER-chT U20 Girls"]
[Site "Muenster"]
[Date "2022.12.27"]
[Round "2"]
[White "Berghold, Lotta"]
[Black "Tabakh, Najat"]
[Result "1-0"]
[WhiteElo "1589"]
[BlackElo "1330"]
[PlyCount "90"]
[EventDate "2022.12.26"]
[EventType "team-swiss"]
[EventRounds "7"]
[EventCountry "GER"]
[SourceTitle "CBM 212 Extra"]
[Source "ChessBase"]
[SourceDate "2023.03.31"]
[SourceVersion "1"]
[SourceVersionDate "2023.03.31"]
[SourceQuality "1"]
[WhiteTeam "Lichtenberg Borussia"]
[BlackTeam "Bad Oldesloe"]
[WhiteTeamCountry "GER"]
[BlackTeamCountry "GER"]

1. b4 e6 2. Bb2 Nf6 3. a3 d5 4. e3 Be7 5. d4 0-0 6. Nd2 Nbd7 7. Ngf3 Nb6 8. c4 dxc4 9. Nxc4 Bd7 10. Nxb6 axb6 11. Bd3 Ba4 12. Bc2 b5 13. 0-0 Nd5 14. Ne5 Bxc2 15. Qxc2 Nb6 16. Qe4 c6 17. f4 f6 18. Nxc6 bxc6 19. Qxe6+ Kh8 20. Qxc6 Nc4 21. Bc1 Qb8 22. Rf3 f5 23. Rh3 Qb6 24. Qxb6 Nxb6 25. Bb2 Nc4 26. Bc3 Nxa3 27. Rg3 Rfc8 28. Bd2 Nc2 29. Rb1 Rc4 30. h3 Kg8 31. Rf3 Ra3 32. g4 fxg4 33. hxg4 Nxd4 34. Rf2 Nc6 35. g5 Rd3 36. Rb2 Kf7 37. Rg2 Rd5 38. Rh2 Kg6 39. Kf1 Nxb4 40. Bxb4 Bxb4 41. Rbe2 Bd2 42. Rhf2 Re4 43. Kg2 Kf5 44. Kg3 Bxe3 45. Rf3 Bc5 1-0

[Event "GER-ch U18 Girls"]
[Site "Willingen"]
[Date "2022.06.11"]
[Round "9"]
[White "Bardorz, Jana"]
[Black "Berghold, Lotta"]
[Result "1-0"]
[WhiteElo "1974"]
[BlackElo "1552"]
[PlyCount "83"]
[EventDate "2022.06.04"]
[EventType "swiss"]
[EventRounds "9"]
[EventCountry "GER"]
[SourceTitle "CBM 208 Extra"]
[Source "ChessBase"]
[SourceDate "2022.07.31"]
[SourceVersion "1"]
[SourceVersionDate "2022.07.31"]
[SourceQuality "1"]

1. e4 c6 2. d4 d5 3. e5 Bf5 4. Nd2 e6 5. Nb3 Nd7 6. Nf3 a6 7. Be3 Rc8 8. Be2 c5 9. dxc5 Nxc5 10. Nbd4 Bg6 11. c3 Ne7 12. 0-0 Bh5 13. Nd2 Bxe2 14. Qxe2 Ng6 15. f4 Be7 16. f5 exf5 17. Nxf5 0-0 18. Qh5 Ne6 19. Nf3 Rc4 20. N3d4 Bg5 21. Nxe6 Bxe3+ 22. Nxe3 fxe6 23. Nxc4 dxc4 24. Kh1 Nf4 25. Qg4 Qd2 26. Rad1 Qe3 27. g3 Qe4+ 28. Qf3 Qxf3+ 29. Rxf3 Nd3 30. Rxf8+ Kxf8 31. Kg2 Ke7 32. b3 Nxe5 33. h3 b5 34. Kf2 Nd3+ 35. Ke3 e5 36. Rb1 Nc5 37. bxc4 bxc4 38. Rb4 Kd6 39. Rxc4 e4 40. Kd4 Ne6+ 41. Kxe4 Ng5+ 42. Kf5 1-0

[Event "GER-ch U18 Girls"]
[Site "Willingen"]
[Date "2022.06.05"]
[Round "2"]
[White "Orlova, Alicia"]
[Black "Berghold, Lotta"]
[Result "1-0"]
[WhiteElo "1723"]
[BlackElo "1552"]
[PlyCount "73"]
[EventDate "2022.06.04"]
[EventType "swiss"]
[EventRounds "9"]
[EventCountry "GER"]
[SourceTitle "CBM 208 Extra"]
[Source "ChessBase"]
[SourceDate "2022.07.31"]
[SourceVersion "1"]
[SourceVersionDate "2022.07.31"]
[SourceQuality "1"]

1. e4 e6 2. d4 d5 3. Bd3 dxe4 4. Bxe4 Nf6 5. Bf3 Be7 6. Ne2 0-0 7. 0-0 c5 8. c4 Qc7 9. Bf4 Bd6 10. Bxd6 Qxd6 11. Nbc3 a6 12. Na4 cxd4 13. Qxd4 Qxd4 14. Nxd4 Nbd7 15. Rfe1 g6 16. Rac1 Rb8 17. b4 e5 18. Nb3 b6 19. c5 bxc5 20. bxc5 Rb4 21. Nc3 Re8 22. Nd5 Nxd5 23. Bxd5 Nf6 24. Bc4 Ra4 25. Nd2 Bb7 26. Bb3 Rd4 27. c6 Rxd2 28. cxb7 Rdd8 29. Rc7 Rf8 30. Rec1 Rb8 31. Rxf7 Rxf7 32. Rc8+ Kg7 33. Rxb8 Rc7 34. Kf1 Re7 35. Rg8+ Nxg8 36. b8Q Nf6 37. Qd6 1-0

[Event "GER-chT U14 Girls"]
[Site "Neumuenster"]
[Date "2019.12.30"]
[Round "7.3"]
[White "Roncea, Andrea Alexandra"]
[Black "Berghold, Lotta"]
[Result "1/2-1/2"]
[WhiteElo "1591"]
[BlackElo "1398"]
[PlyCount "43"]
[EventDate "2019.12.27"]
[EventType "team-swiss"]
[EventRounds "7"]
[EventCountry "GER"]
[SourceTitle "CBM 194 Extra"]
[Source "ChessBase"]
[SourceDate "2020.03.31"]
[SourceVersion "1"]
[SourceVersionDate "2020.03.31"]
[SourceQuality "1"]
[WhiteTeam "Papenburg"]
[BlackTeam "Lichtenberg Borussia"]
[WhiteTeamCountry "GER"]
[BlackTeamCountry "GER"]

1. e4 d6 2. d4 Nf6 3. Bd3 g6 4. Nf3 Bg7 5. 0-0 0-0 6. c3 Nbd7 7. Qe2 e5 8. dxe5 dxe5 9. Rd1 Qe7 10. h3 b6 11. Bg5 Bb7 12. Nbd2 h6 13. Bh4 Nc5 14. Bc2 Rfe8 15. b4 Ne6 16. Bxf6 Bxf6 17. g3 Red8 18. Nc4 Ng5 19. Nxg5 Bxg5 20. h4 Bf6 21. Rxd8+ Rxd8 22. Rd1 1/2-1/2

[Event "GER-ch U14 Girls"]
[Site "Willingen"]
[Date "2019.06.12"]
[Round "6"]
[White "Berghold, Lotta"]
[Black "Petersen, Sophie"]
[Result "1/2-1/2"]
[WhiteElo "1471"]
[BlackElo "1430"]
[PlyCount "84"]
[EventDate "2019.06.08"]
[EventType "swiss"]
[EventRounds "9"]
[EventCountry "GER"]
[SourceTitle "CBM 191 Extra"]
[Source "ChessBase"]
[SourceDate "2019.09.30"]
[SourceVersion "1"]
[SourceVersionDate "2019.09.30"]
[SourceQuality "1"]

1. d4 d5 2. Nf3 Nf6 3. e3 e6 4. Bd3 Be7 5. Nbd2 0-0 6. 0-0 b6 7. e4 Bb7 8. e5 Nfd7 9. Re1 c5 10. c3 Nc6 11. a3 Qc7 12. Nf1 Rfd8 13. Ng3 Nf8 14. Qe2 Rac8 15. Bd2 Na5 16. Rab1 Nb3 17. Qd1 Nxd2 18. Qxd2 Ng6 19. Rbc1 Qd7 20. Ne2 a5 21. Rc2 c4 22. Bxg6 hxg6 23. Qf4 b5 24. Ng3 b4 25. axb4 axb4 26. Rcc1 Ra8 27. Ra1 b3 28. Ng5 Bxg5 29. Qxg5 Rdb8 30. Ne2 Bc6 31. Rab1 Ra4 32. Qd2 Rba8 33. g4 Qe7 34. g5 Rf8 35. f4 f6 36. Rf1 f5 37. h4 Kf7 38. Ng3 Rh8 39. Qh2 Raa8 40. Kf2 Ra2 41. Ke3 Qa7 42. Qh1 Qa8 1/2-1/2

[Event "GER-ch U14 Girls"]
[Site "Willingen"]
[Date "2019.06.11"]
[Round "4"]
[White "Liu, Sijia Anna"]
[Black "Berghold, Lotta"]
[Result "1-0"]
[WhiteElo "1689"]
[BlackElo "1471"]
[PlyCount "107"]
[EventDate "2019.06.08"]
[EventType "swiss"]
[EventRounds "9"]
[EventCountry "GER"]
[SourceTitle "CBM 191 Extra"]
[Source "ChessBase"]
[SourceDate "2019.09.30"]
[SourceVersion "1"]
[SourceVersionDate "2019.09.30"]
[SourceQuality "1"]

1. e4 b6 2. d4 Bb7 3. Bd3 e6 4. Nf3 Nf6 5. Qe2 d6 6. 0-0 Be7 7. Nbd2 0-0 8. Re1 Re8 9. Nf1 d5 10. e5 Nfd7 11. c3 c5 12. Ng3 Nc6 13. a3 f6 14. Bb1 cxd4 15. cxd4 fxe5 16. dxe5 Nf8 17. b4 a6 18. Rd1 Qc7 19. Bb2 b5 20. Bd3 Rac8 21. Rac1 Qb8 22. Qe3 Rc7 23. h4 Rec8 24. Ng5 Bxg5 25. Qxg5 Nd8 26. Nh5 Kh8 27. Rxc7 Qxc7 28. Rc1 Qd7 29. Rxc8 Bxc8 30. Nxg7 Qxg7 31. Qxd8 Bb7 32. Qf6 Kg8 33. Qxg7+ Kxg7 34. Kf1 Ng6 35. g3 Ne7 36. Ke2 Nc6 37. Ke3 Bc8 38. Kf4 Bd7 39. Kg5 h6+ 40. Kf4 Be8 41. g4 Bg6 42. Bxg6 Kxg6 43. h5+ Kg7 44. g5 Nd8 45. g6 Nc6 46. Ke3 Kf8 47. f4 Ke7 48. Bc1 Kf8 49. Bd2 Kg7 50. Be1 Kf8 51. Bh4 Kg8 52. Bf6 Kf8 53. f5 exf5 54. e6 1-0

[Event "GER-chT U14 Girls"]
[Site "Neumuenster"]
[Date "2018.12.28"]
[Round "3.2"]
[White "Oswald, Hannah"]
[Black "Berghold, Lotta"]
[Result "1/2-1/2"]
[WhiteElo "1613"]
[BlackElo "1383"]
[PlyCount "70"]
[EventDate "2018.12.27"]
[EventType "team-swiss"]
[EventRounds "7"]
[EventCountry "GER"]
[SourceTitle "CBM 188 Extra"]
[Source "ChessBase"]
[SourceDate "2019.02.26"]
[SourceVersion "1"]
[SourceVersionDate "2019.02.26"]
[SourceQuality "1"]
[WhiteTeam "Leipzig SG"]
[BlackTeam "Lichtenberg Borussia"]
[WhiteTeamCountry "GER"]
[BlackTeamCountry "GER"]

1. e4 b6 2. d4 Bb7 3. Bd3 e6 4. Ne2 Nf6 5. Nd2 Be7 6. 0-0 0-0 7. c3 d6 8. Re1 c5 9. Qc2 h6 10. Nf3 Nc6 11. a3 cxd4 12. cxd4 Rc8 13. Qd1 Na5 14. Ng3 Qd7 15. Bf4 Nh7 16. Rc1 Rxc1 17. Bxc1 Rc8 18. Qe2 Qd8 19. Bf4 Ng5 20. b4 Nc6 21. Be3 Bf6 22. Nxg5 Bxg5 23. f4 Bf6 24. Qf2 e5 25. d5 Ne7 26. Nh5 Ng6 27. f5 Nf8 28. Bd2 Nh7 29. Qe2 Kh8 30. Qg4 Ng5 31. Rc1 Rxc1+ 32. Bxc1 Qc7 33. Bd2 Qe7 34. Bb5 a6 35. Bd3 b5 1/2-1/2

[Event "Pardubice Czech op-D 29th"]
[Site "Pardubice"]
[Date "2018.07.22"]
[Round "2"]
[White "Berghold, Lotta"]
[Black "Zhukovskyi, Oleksandr"]
[Result "0-1"]
[WhiteElo "1389"]
[BlackElo "1649"]
[PlyCount "64"]
[EventDate "2018.07.21"]
[EventType "swiss"]
[EventRounds "9"]
[EventCountry "CZE"]
[SourceTitle "CBM 186 Extra"]
[Source "ChessBase"]
[SourceDate "2018.08.24"]
[SourceVersion "1"]
[SourceVersionDate "2018.08.24"]
[SourceQuality "1"]

1. d4 Nf6 2. Nd2 d5 3. Ngf3 g6 4. e3 Bg7 5. Bd3 0-0 6. 0-0 Bg4 7. h3 Bxf3 8. Nxf3 Nbd7 9. c3 c5 10. Re1 Rc8 11. Bc2 b5 12. Nd2 a5 13. dxc5 Nxc5 14. Nb3 Nxb3 15. Bxb3 e6 16. Bd2 Qd7 17. Qe2 Ne4 18. Rab1 a4 19. Bd1 a3 20. bxa3 Bxc3 21. Bxc3 Nxc3 22. Qb2 Nxb1 23. Qxb1 Rc3 24. Bb3 Rfc8 25. Qb2 R8c5 26. g3 Qc6 27. Kh2 Rc1 28. Rxc1 Rxc1 29. Qe5 Qc3 30. Qb8+ Kg7 31. Qxb5 Qd2 32. Bd1 Qxf2+ 0-1

[Event "GER-chT U14 Girls"]
[Site "Neumuenster"]
[Date "2017.12.30"]
[Round "7.2"]
[White "Berghold, Lotta"]
[Black "Schneider, Katharina"]
[Result "1/2-1/2"]
[WhiteElo "1328"]
[BlackElo "1650"]
[PlyCount "92"]
[EventDate "2017.12.26"]
[EventType "team-swiss"]
[EventRounds "7"]
[EventCountry "GER"]
[SourceTitle "CBM 182 Extra"]
[Source "ChessBase"]
[SourceDate "2018.02.23"]
[SourceVersion "1"]
[SourceVersionDate "2018.02.23"]
[SourceQuality "1"]
[WhiteTeam "Friedrichsfelde Borussia"]
[BlackTeam "Sasbach"]
[WhiteTeamCountry "GER"]
[BlackTeamCountry "GER"]

1. d4 d5 2. Nf3 e6 3. e3 c5 4. c3 Nc6 5. Bd3 Nf6 6. Nbd2 Bd6 7. 0-0 0-0 8. dxc5 Bxc5 9. e4 Qc7 10. Re1 Ng4 11. Re2 Bd6 12. h3 Nf6 13. exd5 Nxd5 14. Re1 h6 15. Ne4 Bf4 16. Bxf4 Nxf4 17. Qc2 Ne7 18. Ng3 Nxd3 19. Qxd3 Bd7 20. Rad1 Rad8 21. Qe3 a6 22. Rd2 Bc6 23. Red1 Rxd2 24. Rxd2 Nd5 25. Qd4 Nf6 26. Qd3 Bd5 27. a3 b5 28. Qe3 Qb7 29. Rd3 Re8 30. Qf4 Nd7 31. Ne1 e5 32. Qd2 Nf6 33. Re3 Bc6 34. Nf3 Bxf3 35. Rxf3 Nd5 36. Qe2 Qc6 37. Qe4 Qe6 38. Qf5 Qxf5 39. Nxf5 Nf4 40. Kh2 Kh7 41. g3 Ng6 42. Rd3 Ne7 43. Nxe7 Rxe7 44. Rd6 Ra7 45. Kg2 f6 46. Kf3 Kg6 1/2-1/2

[Event "GER-chT U14 Girls"]
[Site "Neumuenster"]
[Date "2017.12.29"]
[Round "5.2"]
[White "Berghold, Lotta"]
[Black "Guenther, Amelie"]
[Result "1/2-1/2"]
[WhiteElo "1328"]
[BlackElo "1418"]
[PlyCount "40"]
[EventDate "2017.12.26"]
[EventType "team-swiss"]
[EventRounds "7"]
[EventCountry "GER"]
[SourceTitle "CBM 182 Extra"]
[Source "ChessBase"]
[SourceDate "2018.02.23"]
[SourceVersion "1"]
[SourceVersionDate "2018.02.23"]
[SourceQuality "1"]
[WhiteTeam "Friedrichsfelde Borussia"]
[BlackTeam "Erfurt SK"]
[WhiteTeamCountry "GER"]
[BlackTeamCountry "GER"]

1. d4 d5 2. Nf3 e6 3. e3 f5 4. Bd3 Nf6 5. Ne5 Bd6 6. f4 0-0 7. 0-0 Bd7 8. Nd2 c6 9. Ndf3 Be8 10. Qe1 Ne4 11. Bd2 Nd7 12. Nxd7 Bxd7 13. Ne5 Be8 14. Qd1 Bxe5 15. fxe5 Qg5 16. Bxe4 fxe4 17. Rxf8+ Kxf8 18. Qf1+ Kg8 19. Qf2 Bg6 20. Rf1 Qf5 1/2-1/2